000 00542 a2200181 4500
020 _a0712110488 (paperback)
020 _a9780712110488 (paperback)
090 _c4351
_d4351
100 1 _aBENNETT, ROGER.
245 1 0 _aEmployee relations /
_cROGER BENNETT.
260 _a[S.l.] :
_bMACDONALD & EVANS,
_c1994.
300 _a336 p.
490 1 _aM & E handbook.
500 _aImport.
830 0 _aM & E handbook.
856 4 0 _3Amazon.com
_uhttp://www.amazon.com/exec/obidos/ASIN/0712110488/chopaconline-20
942 _aNBS
_cBK
_k658.3 BEN
999 _c346796
_d346796